000 00667nam a2200205Ia 4500
003 IN-BaIIA
008 211028s9999 xx 000 0 eng d
020 _a0-8243-0937-5
040 _cIIA Library
080 _a047.1:52
_bARA-37
245 0 _aAnnual Review of Astronomy and Astrophysics, Vol. 37
_cedited by G. Burbidge, A. Sandage and F. H. Shu
260 _aCalifornia
_bAnnual Reviews
_c1999
300 _avii, 689p.
650 _aastronomy
_980
650 _aastrophysics
_9794
700 _aBurbidge, G., ed.
_914854
700 _aSandage, A., ed.
_917045
700 _aShu, F. H., ed.
_923508
942 _cBK
999 _c13410
_d13410